La quinta disciplina en la práctica : (Registro nro. 47447)
[ vista simple ]
| 000 -LEADER | |
|---|---|
| fixed length control field | 01465cam a2200349 i 4500 |
| 001 - CONTROL NUMBER | |
| control field | 47447 |
| 003 - CONTROL NUMBER IDENTIFIER | |
| control field | Mx-PuUPA |
| 005 - DATE AND TIME OF LATEST TRANSACTION | |
| control field | 20240906152514.0 |
| 008 - FIXED-LENGTH DATA ELEMENTS--GENERAL INFORMATION | |
| fixed length control field | 140415s2004 ag a gr 001 0 spa d |
| 020 ## - INTERNATIONAL STANDARD BOOK NUMBER | |
| International Standard Book Number | 9506414211 |
| 020 ## - INTERNATIONAL STANDARD BOOK NUMBER | |
| International Standard Book Number | 9789506414214 |
| 040 ## - CATALOGING SOURCE | |
| Original cataloging agency | Mx-PuUPA |
| Language of cataloging | spa |
| Transcribing agency | Mx-PuUPA |
| Modifying agency | Mx-PuUPA |
| Description conventions | rda |
| 041 1# - LANGUAGE CODE | |
| Language code of text/sound track or separate title | spa |
| Language code of original | eng |
| 100 1# - MAIN ENTRY--PERSONAL NAME | |
| Personal name | Senge, Peter M., |
| Dates associated with a name | 1947- |
| Relator term | autor |
| 9 (RLIN) | 2723 |
| 240 14 - UNIFORM TITLE | |
| Uniform title | The fifth discipline fieldbook. |
| Language of a work | Español |
| 245 13 - TITLE STATEMENT | |
| Title | La quinta disciplina en la práctica : |
| Remainder of title | cómo construir una organización inteligente / |
| Statement of responsibility, etc. | Peter M. Senge [y otros tres] ; traducción, Ernesto Gore |
| 250 ## - EDITION STATEMENT | |
| Edition statement | 1a. edición |
| 264 #1 - PRODUCTION, PUBLICATION, DISTRIBUTION, MANUFACTURE, AND COPYRIGHT NOTICE | |
| Place of production, publication, distribution, manufacture | Ciudad Autónoma de Buenos Aires : |
| Name of producer, publisher, distributor, manufacturer | Granica, |
| Date of production, publication, distribution, manufacture, or copyright notice | 2004 |
| 300 ## - PHYSICAL DESCRIPTION | |
| Extent | 593 páginas : |
| Other physical details | ilustarciones : |
| Dimensions | 23 cm |
| 336 ## - CONTENT TYPE | |
| Fuente | rdacontent |
| Content type term | texto |
| Content type code | txt |
| 337 ## - MEDIA TYPE | |
| Source | rdamedia |
| Media type term | sin medio |
| Media type code | n |
| 338 ## - CARRIER TYPE | |
| Source | rdacarrier |
| Carrier type term | volumen |
| Carrier type code | nc |
| 500 ## - GENERAL NOTE | |
| General note | "Estrategias y herramientas para construir la organización abierta al aprendizaje". -- Cubierta. |
| 650 #7 - SUBJECT ADDED ENTRY--TOPICAL TERM | |
| Source of heading or term | armarc |
| Topical term or geographic name entry element | Organización |
| General subdivision | Proceso administrativo |
| 650 #7 - SUBJECT ADDED ENTRY--TOPICAL TERM | |
| Source of heading or term | armarc |
| Topical term or geographic name entry element | Dirección |
| General subdivision | Psicología industrial |
| 700 1# - ADDED ENTRY--PERSONAL NAME | |
| Personal name | Gore, Ernesto, |
| Relator term | traductor |
| 9 (RLIN) | 12703 |
| 765 1# - ORIGINAL LANGUAGE ENTRY | |
| Main entry heading | Senge, Peter M., |
| Place, publisher, and date of publication | New York, New York : A Currency Book Published, 1994 |
| Title | The fifth discipline fieldbook. |
| 942 ## - ADDED ENTRY ELEMENTS (KOHA) | |
| Source of classification or shelving scheme | Dewey Decimal Classification |
| Koha item type | Libro |
| Classification part | 658.4 |
| Item part | S474 |
| Withdrawn status | Lost status | Source of classification or shelving scheme | Damaged status | Not for loan | Collection code | Home library | Current library | Shelving location | Date acquired | Source of acquisition | Total Checkouts | Full call number | Barcode | Date last seen | Date last checked out | Copy number | Price effective from | Koha item type | Total Renewals |
|---|---|---|---|---|---|---|---|---|---|---|---|---|---|---|---|---|---|---|---|
| Dewey Decimal Classification | General | Biblioteca Karol Wojtyla | Biblioteca Karol Wojtyla | Sala general | 03/12/2013 | Compra/reposición | 1 | 658.4 S474 2004 | 67813 | 05/01/2026 | 20/06/2015 | Ej.2 | 28/05/2015 | Libro | |||||
| Dewey Decimal Classification | General | Biblioteca Karol Wojtyla | Biblioteca Karol Wojtyla | Sala general | 03/12/2013 | Compra | 3 | 658.4 S474 2004 | 71056 | 05/01/2026 | 25/08/2023 | 03/12/2013 | Libro | 1 | |||||
| Dewey Decimal Classification | Consulta en sala | General | Tehuacán | Tehuacán | Sala general | 03/12/2013 | Compra | 658.4 SEN | 507463 | 08/01/2025 | 09/01/2015 | 03/12/2013 | Reserva permanente |